| 000 | 00503nam a2200193 i 4500 | ||
|---|---|---|---|
| 001 | 20993 | ||
| 003 | ES-MaACL | ||
| 005 | 20230906152411.0 | ||
| 007 | t| | ||
| 008 | 021120s1978 sp ||||1| spa d | ||
| 100 | 1 |
_aAfanasiev, Victor. _918511 |
|
| 245 | 1 | 0 |
_aManual de filosofĂa / _cVictor Afanasiev. |
| 260 |
_aMadrid : _bAkal, _c1978. |
||
| 300 |
_a382 p. ; _c18 cm. |
||
| 490 | 1 |
_aAkal ; _v74 |
|
| 830 | 0 |
_aAkal ; _v74 _9180805 |
|
| 852 |
_aES-MaACL _jA-8960 _bR.97711 |
||
| 999 |
_c20993 _d20993 |
||